Digital tectonics / (Record no. 13966)

000 -LEADER
fixed length control field 01206cam a2200313 a 4500
003 - CONTROL NUMBER IDENTIFIER
control field OSt
005 - DATE AND TIME OF LATEST TRANSACTION
control field 20260305162846.0
008 - FIXED-LENGTH DATA ELEMENTS--GENERAL INFORMATION
fixed length control field 040520s2004 enka b 000 0 eng
020 ## - INTERNATIONAL STANDARD BOOK NUMBER
International Standard Book Number 0470857293
020 ## - INTERNATIONAL STANDARD BOOK NUMBER
International Standard Book Number 9780470857298
042 ## - AUTHENTICATION CODE
Authentication code lccopycat
050 00 - LIBRARY OF CONGRESS CALL NUMBER
Classification number NA2728
Item number .D54 2004
082 04 - DEWEY DECIMAL CLASSIFICATION NUMBER
Classification number 720.1
Edition number 21
245 00 - TITLE STATEMENT
Title Digital tectonics /
Statement of responsibility, etc edited by Neil Leach, David Turnbull, Chris Williams.
260 ## - PUBLICATION, DISTRIBUTION, ETC. (IMPRINT)
Place of publication, distribution, etc Chichester, West Sussex, U.K. ;
-- Hoboken, NJ :
Name of publisher, distributor, etc Wiley-Academy,
Date of publication, distribution, etc 2004.
300 ## - PHYSICAL DESCRIPTION
Extent 152 p. :
Other physical details ill. (some col.) ;
Dimensions 26 cm.
504 ## - BIBLIOGRAPHY, ETC. NOTE
Bibliography, etc Includes bibliographical references.
650 #0 - SUBJECT ADDED ENTRY--TOPICAL TERM
Topical term or geographic name as entry element Architectural design.
650 #0 - SUBJECT ADDED ENTRY--TOPICAL TERM
Topical term or geographic name as entry element Architecture
General subdivision Computer-aided design.
650 #0 - SUBJECT ADDED ENTRY--TOPICAL TERM
Topical term or geographic name as entry element Materials
General subdivision Computer simulation.
650 #0 - SUBJECT ADDED ENTRY--TOPICAL TERM
Topical term or geographic name as entry element Architecture and technology.
700 1# - ADDED ENTRY--PERSONAL NAME
Personal name Leach, Neil.
700 1# - ADDED ENTRY--PERSONAL NAME
Personal name Turnbull, David
Titles and other words associated with a name (Architect)
700 1# - ADDED ENTRY--PERSONAL NAME
Personal name Williams, Chris
Fuller form of name (Chris J. K.)
856 42 - ELECTRONIC LOCATION AND ACCESS
Materials specified Contributor biographical information
Uniform Resource Identifier <a href="http://www.loc.gov/catdir/bios/wiley047/2004299604.html">http://www.loc.gov/catdir/bios/wiley047/2004299604.html</a>
856 42 - ELECTRONIC LOCATION AND ACCESS
Materials specified Publisher description
Uniform Resource Identifier <a href="http://www.loc.gov/catdir/description/wiley041/2004299604.html">http://www.loc.gov/catdir/description/wiley041/2004299604.html</a>
856 41 - ELECTRONIC LOCATION AND ACCESS
Materials specified Table of contents
Uniform Resource Identifier <a href="http://www.loc.gov/catdir/toc/wiley041/2004299604.html">http://www.loc.gov/catdir/toc/wiley041/2004299604.html</a>
942 ## - ADDED ENTRY ELEMENTS (KOHA)
Source of classification or shelving scheme
Holdings
Withdrawn status Lost status Source of classification or shelving scheme Damaged status Koha normalized classification for sorting Not for loan Permanent location Current location Shelving location Date acquired Full call number Barcode Date last seen Price effective from Koha item type
        720_100000000000000   BMS College of Architecture, Design and Planning BMS College of Architecture, Design and Planning General Stacks 2025-12-17 720.1 AR-RD292 2026-02-10 2026-02-10 R&D Books
Copyright © 2025, The Librarian, Library and Information Centre, BMSCA D&P, Bengaluru. All Rights Reserved
web counter

Powered by Koha